Central Library OPAC University of Rajshahi

Swimming and water polo / (Record no. 53506)

MARC details
000 -LEADER
fixed length control field 00697nam a2200241 a 4500
001 - CONTROL NUMBER
control field 53506
003 - CONTROL NUMBER IDENTIFIER
rucl marc code BD-RjUL
005 - DATE AND TIME OF LATEST TRANSACTION
control field 20211209075955.0
008 - FIXED-LENGTH DATA ELEMENTS--GENERAL INFORMATION
fixed length control field 790621r2003 ii 000 0 eng
020 ## - INTERNATIONAL STANDARD BOOK NUMBER
International Standard Book Number 818883601X
035 ## - SYSTEM CONTROL NUMBER
System control number (BD-RjUL)53627
040 ## - CATALOGING SOURCE
Original cataloging agency DLC
Transcribing agency OCl
Modifying agency BD-RjUL
Language of cataloging eng
041 ## - LANGUAGE CODE
Language code of text/sound track or separate title eng
082 ## - DEWEY DECIMAL CLASSIFICATION NUMBER
Edition number 23
Classification number 797.2
Author mark and year HOS 2003
100 1# - MAIN ENTRY--PERSONAL NAME
Personal name Howcroft, W. J.
9 (RLIN) 159941
245 00 - TITLE STATEMENT
Title Swimming and water polo /
Statement of responsibility, etc. by W. J. Howcroft.
260 ## - PUBLICATION, DISTRIBUTION, ETC. (IMPRINT)
Place of publication, distribution, etc. New Delhi :
Name of publisher, distributor, etc. Sonali Publication ,
Date of publication, distribution, etc. c2003
300 ## - PHYSICAL DESCRIPTION
Pagination vii, 254 p. :
Illustrations ill, ;
Size 19 cm.
500 ## - GENERAL NOTE
General note "Amateur records to 31st December, 1935": p. 243-250.
650 #0 - SUBJECT ADDED ENTRY--TOPICAL TERM
Topical term or geographic name as entry element Swimming.
9 (RLIN) 159942
Topical term or geographic name as entry element Water polo.
9 (RLIN) 159943
942 ## - ADDED ENTRY ELEMENTS (KOHA)
Source of classification or shelving scheme Dewey Decimal Classification
Koha item type Books
Holdings
Lost status Source of classification or shelving scheme Damaged status Not for loan Collection code Permanent Location Current Location Shelving location Date acquired Source of acquisition Cost, normal purchase price Total Checkouts Full call number Date last seen Copy number Koha item type
  Dewey Decimal Classification     Non-fiction Central Library, University of Rajshahi Central Library, University of Rajshahi   27/07/2008 Dhaka Progan Enterprise 550.00   797.2 HOS 2003 16/10/2016 C-2 Books
  Dewey Decimal Classification   Not For Loan Non-fiction Central Library, University of Rajshahi Central Library, University of Rajshahi Reading Room 27/07/2008 Dhaka paragon enterprises ltd. 550.00   797.2 HOS 2003 24/01/2017 C-1 Books